Chăn nuôi vịt trên cạn-một kỹ thuật mới/
v.v...
Đã lưu trong:
| Tác giả chính: | |
|---|---|
| Định dạng: | Sách |
| Năm xuất bản: |
H.:
Lao động xã hội,
2007.
|
| Chủ đề: | |
| Tags: |
Thêm thẻ
Không có thẻ, Hãy là người đầu tiên gắn thẻ bản ghi này!
|
| LEADER | 02033nam a2200253 4500 | ||
|---|---|---|---|
| 082 | |a 636.597 |b NG527TH | ||
| 100 | |a Nguyễn Thiện | ||
| 245 | |a Chăn nuôi vịt trên cạn-một kỹ thuật mới/ |c Nguyễn Thiện chủ biên, Nguyễn Đức Trọng | ||
| 260 | |a H.: |c 2007. |b Lao động xã hội, | ||
| 300 | |c 19 cm |a 99 tr. | ||
| 520 | |a v.v... | ||
| 653 | |a Vịt - Chăn nuôi | ||
| 942 | |2 ddc |c STK0 | ||
| 999 | |c 6418 |d 6418 | ||
| 952 | |0 0 |1 0 |2 ddc |4 0 |6 636_597000000000000_NG527TH |7 0 |8 600 |9 59427 |a qbu |b qbu |c D3 |d 2015-01-16 |g 12000 |o 636.597 NG527TH |p 6264.c1 |r 0000-00-00 |w 2015-01-16 |y STK0 | ||
| 952 | |0 0 |1 0 |2 ddc |4 0 |6 636_597000000000000_NG527TH |7 0 |8 600 |9 59428 |a qbu |b qbu |c D3 |d 2015-01-16 |g 12000 |o 636.597 NG527TH |p 6264.c2 |r 0000-00-00 |w 2015-01-16 |y STK0 | ||
| 952 | |0 0 |1 0 |2 ddc |4 0 |6 636_597000000000000_NG527TH |7 0 |8 600 |9 59429 |a qbu |b qbu |c D3 |d 2015-01-16 |g 12000 |o 636.597 NG527TH |p 6264.c3 |r 0000-00-00 |w 2015-01-16 |y STK0 | ||
| 952 | |0 0 |1 0 |2 ddc |4 0 |6 636_597000000000000_NG527TH |7 0 |8 600 |9 59430 |a qbu |b qbu |c D3 |d 2015-01-16 |g 12000 |o 636.597 NG527TH |p 6264.c4 |r 0000-00-00 |w 2015-01-16 |y STK0 | ||
| 952 | |0 0 |1 0 |2 ddc |4 0 |6 636_597000000000000_NG527TH |7 0 |8 600 |9 59431 |a qbu |b qbu |c D3 |d 2015-01-16 |g 12000 |o 636.597 NG527TH |p 6264.c5 |r 0000-00-00 |w 2015-01-16 |y STK0 | ||
| 952 | |0 0 |1 0 |2 ddc |4 0 |6 636_597000000000000_NG527TH |7 0 |8 600 |9 59432 |a qbu |b qbu |c D3 |d 2015-01-16 |g 12000 |o 636.597 NG527TH |p 6264.c6 |r 0000-00-00 |w 2015-01-16 |y STK0 | ||
| 952 | |0 0 |1 0 |2 ddc |4 0 |6 636_597000000000000_NG527TH |7 0 |8 600 |9 59433 |a qbu |b qbu |c D3 |d 2015-01-16 |g 12000 |o 636.597 NG527TH |p 6264.c7 |r 0000-00-00 |w 2015-01-16 |y STK0 | ||
| 952 | |0 0 |1 0 |2 ddc |4 0 |6 636_597000000000000_NG527TH |7 0 |8 600 |9 59434 |a qbu |b qbu |c D3 |d 2015-01-16 |g 12000 |o 636.597 NG527TH |p 6264.c8 |r 0000-00-00 |w 2015-01-16 |y STK0 | ||
| 952 | |0 0 |1 0 |2 ddc |4 0 |6 636_597000000000000_NG527TH |7 0 |8 600 |9 59435 |a qbu |b qbu |c D3 |d 2015-01-16 |g 12000 |o 636.597 NG527TH |p 6264.c9 |r 0000-00-00 |w 2015-01-16 |y STK0 | ||
| 952 | |0 0 |1 0 |2 ddc |4 0 |6 636_597000000000000_NG527TH |7 0 |8 600 |9 59436 |a qbu |b qbu |c D3 |d 2015-01-16 |g 12000 |o 636.597 NG527TH |p 6264.c10 |r 0000-00-00 |w 2015-01-16 |y STK0 | ||